Top 30 Ballon d'or 2019 - Statistiques

Statistiques générales
  • Ce quiz a été pris 148 fois
  • Le résultat moyen est 20 sur 30
Statistiques - réponses
Classement Nationalité Réponse % Correct
3 Cristiano Ronaldo
100%
5 Mohamed Salah
100%
1 Lionel Messi
99%
6 Kylian Mbappé
98%
4 Sadio Mané
98%
8 Robert Lewandowski
97%
2 Virgil van Dijk
96%
22 Son Heung-min
95%
10 Riyad Mahrez
91%
14 Kevin de Bruyne
89%
13 Eden Hazard
86%
18 Antoine Griezmann
80%
20 Pierre-Emerick Aubameyang
78%
9 Bernardo Silva
77%
26 Karim Benzema
69%
11 Frenkie de Jong
66%
17 Roberto Firmino
62%
7 Alisson
58%
15 Matthijs De Ligt
54%
16 Sergio Agüero
54%
23 Hugo Lloris
52%
24 Kalidou Koulibaly
52%
21 Dusan Tadic
48%
19 Trent Alexander-Arnold
48%
12 Raheem Sterling
38%
27 Georginio Wijnaldum
34%
29 Marquinhos
31%
30 Donny van de Beek
27%
28 Joao Félix
21%
25 Marc-André ter Stegen
19%
Aucun quiz correspondant
Distribution des résultats
% des personnes avec chaque résultat
Percentile par nombre de réponses
Votre historique - résultats
Vous n’avez pas pris ce quiz